000 01111nam a2200241Ia 4500
999 _c56075
_d56075
001 23175
003 GE_BSU
005 20230720125048.0
008 181216s1963||||ge |||||||||||||| ||geo||
040 _cGE_BSU
041 _ageo
080 _a82-93:821.111(73)-31 კ-91
100 _aკუპერი, ჯ. ფ.
_919467
245 _aუკანასკნელი მოჰიკანი :
_bრომანი /
_cჯ. ფ. კუპერი ; თარგმ. ინგლ. ალ. გამყრელიძისა ; რედ. რ. ინანიშვილი. რედ. რ. ინანიშვილი
264 _aთბილისი :
_bნაკადული,
_c1963.
300 _a506 გვ. :
_b ილ. ;
_c20 სმ.
541 _h6 ლ.
653 _aუკანასკნელი მოჰიკანი
653 _a რომანი
700 _aგამყრელიძე, ალ.
_eმთარგმნელი
_919468
700 _aინანიშვილი, რ.
_eრედაქტორი
_919469
942 _cBK
_2udc